Los poemas del pavor y la piedad / (Record no. 74142)

MARC details
000 -LEADER
campo de control de longitud fija 00611nam a2200205 i 4500
001 - NÚMERO DE CONTROL
campo de control 74142
003 - IDENTIFICADOR DE NÚMERO DE CONTROL
campo de control ES-MaACL
005 - FECHA Y HORA DE LA ÚLTIMA TRANSACCIÓN
campo de control 20240601063023.0
007 - CAMPO FIJO DE DESCRIPCIÓN FÍSICA--INFORMACIÓN GENERAL
campo de control de longitud fija t|
008 - DATOS DE LONGITUD FIJA--INFORMACIÓN GENERAL
campo de control de longitud fija 040915s1963 sp ||||1| spa d
100 1# - ENTRADA PRINCIPAL--NOMBRE DE PERSONA
Nombre de persona González-Alegre, Ramón.
9 (RLIN) 58405
245 14 - MENCIÓN DEL TÍTULO
Título Los poemas del pavor y la piedad /
Mención de responsabilidad, etc. Ramón González-Alegre.
260 ## - PUBLICACIÓN, DISTRIBUCIÓN, ETC.
Lugar de publicación, distribución, etc. Palencia :
Nombre del editor, distribuidor, etc. [s.n.,
Fecha de publicación, distribución, etc. 1963] (
Fabricante Imp. Merino)
300 ## - DESCRIPCIÓN FÍSICA
Extensión 42 p. ;
Dimensiones 22 cm.
490 1# - MENCIÓN DE SERIE
Mención de serie Colección Rocamador ;
Designación de volumen o secuencia 24
830 00 - PUNTO DE ACCESO ADICIONAL DE SERIE-TÍTULO UNIFORME
Título uniforme Rocamador (Serie) ;
Designación de volumen o secuencia 24
9 (RLIN) 236737
852 ## - LOCALIZACIÓN
Ubicación ES-MaACL
Número de control de estantería 2089-F-7
Sublocalización o colección R.89025
942 ## - ELEMENTOS DE ENTRADA SECUNDARIOS (KOHA)
Fuente del sistema de clasificación o colocación Clasificación decimal universal
Holdings
Estatus retirado Estado de pérdida Estado de daño No para préstamo Colección Biblioteca de origen Biblioteca actual Ubicación en estantería Fecha de adquisición Fuente de adquisición Total de préstamos Signatura topográfica completa Código de barras Visto por última vez Precio de reemplazo Tipo de ítem Koha
        Colección de folletos Biblioteca del Ateneo de Madrid Biblioteca del Ateneo de Madrid Depósito folletos 17/01/2008     2089-F-7 1077611 23/02/2023 23/02/2023 Folleto